00717 a2200217 4500020001500000020001800015040001300033100001800046245011000064260003400174300003500208650003900243650002600282650004400308650002000352650002700372650001800399700002600417700002800443700002800471 a3540345175 a9783540345176 aDLCbDLC aCalero, Coral00aOntologies for software engineering and software technologycCoral Calero, Francisco Ruiz, Mario Piattini aNew York :bSpringer,cc2006. axiii, 339 p. :bill. ;c25 cm. 0aOntologies (Information retrieval) 0aSoftware engineering. 0aOntologies (Recherche de l'information) 0aGenie logiciel. 0aProgrammatuurtechniek. 0aTerminologie.1 aCalero, Coral,d1968-1 aRuiz, Francisco,d1967-1 aPiattini, Mario,d1966-